A history of modern education in Kenya (1895-1991) / (Record no. 984)

000 -LEADER
fixed length control field 00881nam a2200229 a 4500
001 - CONTROL NUMBER
control field 632630
003 - CONTROL NUMBER IDENTIFIER
control field OSt
005 - DATE AND TIME OF LATEST TRANSACTION
control field 20140116120842.0
008 - FIXED-LENGTH DATA ELEMENTS--GENERAL INFORMATION
fixed length control field 920826s1992 ke b 000 0 eng
020 ## - INTERNATIONAL STANDARD BOOK NUMBER
International Standard Book Number 0237512815
050 00 - LIBRARY OF CONGRESS CALL NUMBER
Classification number LA1561.B64 1992
100 1# - MAIN ENTRY--PERSONAL NAME
Personal name Bogonko, Sorobea N.
Fuller form of name (Sorobea Nyachieo)
245 12 - TITLE STATEMENT
Title A history of modern education in Kenya (1895-1991) /
Statement of responsibility, etc Sorobea Nyachieo Bogonko.
260 ## - PUBLICATION, DISTRIBUTION, ETC. (IMPRINT)
Place of publication, distribution, etc Nairobi, Kenya :
Name of publisher, distributor, etc Evans Brothers (Kenya),
Date of publication, distribution, etc 1992.
300 ## - PHYSICAL DESCRIPTION
Extent vii, 208 p. ;
Dimensions 23 cm.
504 ## - BIBLIOGRAPHY, ETC. NOTE
Bibliography, etc Includes bibliographical references.
650 #0 - SUBJECT ADDED ENTRY--TOPICAL TERM
Topical term or geographic name as entry element Education
Geographic subdivision Kenya
General subdivision History
Chronological subdivision 20th century.
650 #0 - SUBJECT ADDED ENTRY--TOPICAL TERM
Topical term or geographic name as entry element Education
General subdivision Political aspects
Geographic subdivision Kenya
General subdivision History
Chronological subdivision 20th century.
650 #0 - SUBJECT ADDED ENTRY--TOPICAL TERM
Topical term or geographic name as entry element Education
General subdivision Social aspects
Geographic subdivision Kenya
General subdivision History
Chronological subdivision 20th century.
942 ## - ADDED ENTRY ELEMENTS (KOHA)
Source of classification or shelving scheme
Koha item type Book
Holdings
Withdrawn status Lost status Source of classification or shelving scheme Damaged status Not for loan Home library Current library Date acquired Cost, normal purchase price Total Checkouts Full call number Barcode Date last seen Date checked out Copy number Price effective from Koha item type
          Riara University Library Riara University Library 21/08/2012 754.00 2 LA1561.B64 1992 3485/12 03/05/2014 17/04/2014 C.1 21/08/2012 Book
          Riara University Library Riara University Library 21/08/2012 754.00 3 LA1561.B64 1992 3486/12 03/01/2018 06/09/2017 C.2 21/08/2012 Book
          Riara University Library Riara University Library 21/08/2012 754.00 5 LA1561.B64 1992 3487/12 15/05/2018 12/04/2018 C.3 21/08/2012 Book

Riara University Library,
P.O. Box 49940-00100,
Nairobi, Kenya.